[Event "Titled Tue 20th May Late"]
[Site "chess.com INT"]
[Date "2025.05.20"]
[Round "3"]
[White "Shandrygin, Nikita"]
[Black "Bortnyk, Olexandr"]
[Result "0-1"]
[WhiteTitle "FM"]
[BlackTitle "GM"]
[WhiteElo "2209"]
[BlackElo "2601"]
[WhiteFideId "24198668"]
[BlackFideId "14120828"]
[EventDate "2025.05.20"]

1. Nf3 Nf6 2. g3 b6 3. d4 Bb7 4. Bg2 g6 5. O-O Bg7 6. c4 O-O 7. b3 e6 8. Bb2 d5
9. Ne5 Na6 10. Nc3 Qe7 11. cxd5 exd5 12. e3 c5 13. Rc1 Rfd8 14. f4 Ne4 15. a3 f6
16. Nf3 Nc7 17. Re1 Rac8 18. Qc2 f5 19. dxc5 Ne6 20. Nxe4 dxe4 21. Ne5 Nxc5 22.
Bf1 Nd3 23. Bxd3 Rxc2 24. Bxc2 Bxe5 25. Bxe5 Qxa3 26. Rcd1 Rxd1 27. Rxd1 Qc5 28.
Rd8+ Kf7 29. Rd7+ Ke6 30. Rc7 Qxe3+ 31. Kf1 Ba6+ 32. Kg2 Qf3+ 0-1

[Event "Titled Tue 20th May Late"]
[Site "chess.com INT"]
[Date "2025.05.20"]
[Round "3"]
[White "Kolmagorov, Alexey"]
[Black "Nielsen-Refs, Karl-Emil Elmer"]
[Result "1-0"]
[WhiteTitle "CM"]
[BlackTitle "CM"]
[WhiteElo "2145"]
[BlackElo "2095"]
[WhiteFideId "34129402"]
[BlackFideId "1452797"]
[EventDate "2025.05.20"]

1. b3 e5 2. Bb2 Nc6 3. e4 Nf6 4. Nc3 Bc5 5. Be2 O-O 6. Nf3 d5 7. exd5 Nxd5 8.
Nxd5 Qxd5 9. O-O Bg4 10. Ng5 Bxe2 11. Qxe2 h6 12. Ne4 Bd4 13. Nc3 Qd7 14. Kh1
Rad8 15. f3 a6 16. d3 b5 17. Rae1 Ne7 18. a3 Nf5 19. Nd1 Rfe8 20. b4 Qc6 21. c4
Bxb2 22. Nxb2 Nd4 23. Qd2 a5 24. cxb5 Qxb5 25. bxa5 Nb3 26. Qb4 Nd4 27. Nc4 f6
28. Rb1 Qd5 29. a6 c5 30. Qb7 Qxb7 31. axb7 Re7 32. b8=Q Rc8 33. Qxc8+ 1-0

[Event "Titled Tue 20th May Late"]
[Site "chess.com INT"]
[Date "2025.05.20"]
[Round "3"]
[White "Gkavardinas, Antonios"]
[Black "Harsha, Bharathakoti"]
[Result "0-1"]
[WhiteTitle "FM"]
[BlackTitle "GM"]
[WhiteElo "2313"]
[BlackElo "2532"]
[WhiteFideId "25883097"]
[BlackFideId "5078776"]
[EventDate "2025.05.20"]

1. e4 c5 2. Nf3 Nc6 3. b3 e5 4. Bb2 d6 5. Bb5 f5 6. d3 Nf6 7. O-O Be7 8. Nbd2
O-O 9. Bxc6 bxc6 10. exf5 Bxf5 11. h3 Nd5 12. Nc4 Bg6 13. Re1 Bh5 14. Ncd2 Bg5
15. g4 Bxd2 16. Nxd2 Qh4 17. gxh5 Rxf2 18. Ne4 Nf4 19. Re3 Rg2+ 20. Kh1 Rf8 21.
Rf3 Qxh5 22. Bc1 Rg3 23. Bxf4 Qxh3# 0-1

[Event "Titled Tue 20th May Late"]
[Site "chess.com INT"]
[Date "2025.05.20"]
[Round "3"]
[White "Przybylski, Bartosz"]
[Black "Hariharan, Shambavi"]
[Result "1-0"]
[WhiteTitle "CM"]
[BlackTitle "WCM"]
[WhiteElo "2107"]
[BlackElo "1892"]
[WhiteFideId "21878323"]
[BlackFideId "488160"]
[EventDate "2025.05.20"]

1. e4 e5 2. Bc4 Nc6 3. Nc3 Bc5 4. Qg4 Kf8 5. Qf3 Nf6 6. Nge2 d6 7. d3 a6 8. h3
h6 9. g4 Na5 10. g5 hxg5 11. Bxg5 Nxc4 12. dxc4 Be6 13. Nd5 Bxd5 14. cxd5 Qe7
15. Bxf6 Qxf6 16. Qxf6 gxf6 17. Ng3 c6 18. c4 b5 19. b3 Bd4 20. Rc1 c5 21. Nf5
Rd8 22. h4 Ke8 23. Ke2 Kd7 24. Rcg1 Rdg8 25. Rxg8 Rxg8 26. Kf3 bxc4 27. bxc4 Bc3
28. h5 Bd2 29. h6 Rh8 30. h7 Bg5 31. Ke2 Bf4 32. Kd3 Bg5 33. Kc2 a5 34. a4 Bf4
35. Rb1 Rxh7 36. Rb7+ Kd8 37. Nxd6 Rh2 38. Nxf7+ Kc8 39. Nd6+ Kd8 40. Nf5 Rxf2+
41. Kd1 Rd2+ 42. Ke1 Ra2 43. d6 Rxa4 44. Ne7 Ra1+ 45. Ke2 Ra2+ 46. Kf3 Rd2 47.
Nc6+ Ke8 48. Re7+ Kf8 49. d7 Rd3+ 50. Kg4 Rg3+ 51. Kf5 Rg5+ 52. Ke6 1-0

[Event "Titled Tue 20th May Late"]
[Site "chess.com INT"]
[Date "2025.05.20"]
[Round "3"]
[White "Boyer, Mahel"]
[Black "Praggnanandhaa, R"]
[Result "0-1"]
[WhiteTitle "GM"]
[BlackTitle "GM"]
[WhiteElo "2521"]
[BlackElo "2758"]
[WhiteFideId "45102422"]
[BlackFideId "25059530"]
[EventDate "2025.05.20"]

1. Nf3 b6 2. e4 Bb7 3. Nc3 e6 4. d4 Bb4 5. Bd3 Nf6 6. e5 Ne4 7. O-O Nxc3 8. bxc3
Bxc3 9. Rb1 d6 10. Bg5 Qd7 11. Rb3 Ba5 12. c4 h6 13. Bh4 Nc6 14. exd6 cxd6 15.
d5 Ne5 16. Nxe5 dxe5 17. Be4 exd5 18. cxd5 O-O 19. Bf6 Qd6 20. Bxg7 Kxg7 21.
Qg4+ Kh8 22. Rg3 Qf6 23. Rf3 Qg5 24. Qd7 Ba6 25. Rg3 Qf4 26. Rg4 Qf6 27. Rc1 Bc8
28. Qc6 Qxc6 29. Rxc6 Bxg4 0-1

[Event "Titled Tue 20th May Late"]
[Site "chess.com INT"]
[Date "2025.05.20"]
[Round "3"]
[White "Medina Paz, Miguel"]
[Black "Diaz Cesar, Wilsaida Pieranlly"]
[Result "1-0"]
[WhiteTitle "IM"]
[BlackTitle "WFM"]
[WhiteElo "2368"]
[BlackElo "1892"]
[WhiteFideId "7300379"]
[BlackFideId "6403557"]
[EventDate "2025.05.20"]

1. d4 d6 2. c4 Nf6 3. Nf3 g6 4. Nc3 Bg7 5. Bg5 O-O 6. Qd2 Bg4 7. e4 Nbd7 8. d5
Bxf3 9. gxf3 Ne5 10. Be2 c6 11. f4 Ned7 12. O-O-O Nc5 13. Bf3 a6 14. Qe3 b5 15.
e5 Nfd7 16. exd6 Qb6 17. dxe7 Rfe8 18. dxc6 Nf6 19. Nd5 Nxd5 20. Rxd5 bxc4 21.
Qxc5 Qxb2+ 22. Kd1 c3 23. f5 Rab8 24. Ke1 Bd4 25. Rxd4 f6 26. Bxf6 Rb5 27. Bd5# 1-0

[Event "Titled Tue 20th May Late"]
[Site "chess.com INT"]
[Date "2025.05.20"]
[Round "3"]
[White "Ghimoyan, Narek"]
[Black "Demchenko, Anton"]
[Result "1-0"]
[WhiteTitle "CM"]
[BlackTitle "GM"]
[WhiteElo "2273"]
[BlackElo "2619"]
[WhiteFideId "13315412"]
[BlackFideId "4160258"]
[EventDate "2025.05.20"]

1. d4 d6 2. Nf3 Nf6 3. g3 g6 4. Bg2 Bg7 5. c4 O-O 6. Nc3 Nc6 7. d5 Na5 8. b3 c5
9. Bb2 e5 10. dxe6 fxe6 11. O-O Qe7 12. Rc1 Nc6 13. e3 Rd8 14. Qc2 Bd7 15. Rfd1
Be8 16. Ng5 a6 17. Nge4 Ng4 18. h3 Nh6 19. Ne2 Nf5 20. Nf4 Ne5 21. Nd3 Nxd3 22.
Rxd3 Bc6 23. Rcd1 Bxb2 24. Qxb2 Bxe4 25. Bxe4 Rd7 26. Bxf5 gxf5 27. b4 Rc8 28.
bxc5 Rxc5 29. Qd4 Rc6 30. Qf4 Qf8 31. h4 h6 32. Kh2 Kh7 33. e4 Rxc4 34. Rxd6 Re7
35. Rd7 Kg7 36. Qe5+ Kf7 37. exf5 Rc6 38. f6 Rxd7 39. Rxd7+ Kg8 40. Qf4 1-0

[Event "Titled Tue 20th May Late"]
[Site "chess.com INT"]
[Date "2025.05.20"]
[Round "3"]
[White "Hiwale, Ronak"]
[Black "Belov, Alexei"]
[Result "1-0"]
[BlackTitle "IM"]
[WhiteElo "2105"]
[BlackElo "2421"]
[WhiteFideId "30975336"]
[BlackFideId "4128206"]
[EventDate "2025.05.20"]

1. Nf3 d5 2. g3 e6 3. Bg2 Nf6 4. d3 Be7 5. O-O O-O 6. Nc3 c5 7. e4 d4 8. Ne2 Nc6
9. Ne1 e5 10. f4 Re8 11. f5 Nd7 12. h3 Bg5 13. g4 Bxc1 14. Qxc1 a6 15. Nf3 b5
16. g5 f6 17. g6 hxg6 18. fxg6 Nf8 19. Nh4 Ne7 20. Ng3 Nexg6 21. Nhf5 Nf4 22.
Rxf4 exf4 23. Qxf4 Ra7 24. Rf1 Qc7 25. Qh4 Ng6 26. Qh5 Kf7 27. Ne2 Rh8 28. Qg4
Bxf5 29. exf5 Ne5 30. Bd5+ Kf8 31. Qg2 Rh5 32. Nf4 Rg5 33. Ne6+ Ke7 34. Nxg5
fxg5 35. Qxg5+ Kd6 36. Be4 Qe7 37. f6 gxf6 38. Rxf6+ Kd7 39. Qf5+ Kd8 40. Rf8+
Kc7 41. Qc8+ Kb6 42. Qd8+ Qxd8 43. Rxd8 Rg7+ 44. Kf2 Rf7+ 45. Kg3 Rf1 46. Rd6+
Ka5 47. a3 Rc1 48. Bb7 b4 49. Rxa6+ Kb5 50. a4# 1-0

[Event "Titled Tue 20th May Late"]
[Site "chess.com INT"]
[Date "2025.05.20"]
[Round "3"]
[White "Garbuz, Vitaliy"]
[Black "Shuvalov, Evgenij"]
[Result "0-1"]
[WhiteTitle "CM"]
[WhiteElo "2224"]
[BlackElo "1986"]
[WhiteFideId "12990710"]
[BlackFideId "4187237"]
[EventDate "2025.05.20"]

1. e4 e6 2. d4 d5 3. Nd2 c5 4. exd5 exd5 5. Ngf3 Nc6 6. Bb5 Qe7+ 7. Qe2 Qxe2+ 8.
Kxe2 a6 9. Bxc6+ bxc6 10. dxc5 Bxc5 11. Nb3 Bd6 12. Be3 Bg4 13. h3 Bh5 14. Bc5
Kd7 15. Bd4 Re8+ 16. Kd2 Bf4+ 17. Kc3 Nf6 18. Bxf6 gxf6 19. g4 Bg6 20. Nfd4 Kd6
21. Rhe1 c5 22. Nf5+ Bxf5 23. gxf5 Re5 24. Rad1 Rhe8 25. Rg1 Rxf5 26. Rg7 c4 27.
Nd4 Be5 28. Rxf7 Rf3+ 29. Kb4 Rb8+ 30. Ka4 Rxf2 31. Ra7 Kc5 32. Rxa6 Bxd4 33.
Ra5+ Kc6 34. Rxd4 Rf5 35. Rxc4+ dxc4 36. Rxf5 Rxb2 37. Rg5 fxg5 0-1

[Event "Titled Tue 20th May Late"]
[Site "chess.com INT"]
[Date "2025.05.20"]
[Round "3"]
[White "Asish Panda"]
[Black "Ferrara, Enzo"]
[Result "1-0"]
[WhiteElo "1911"]
[BlackElo "2138"]
[WhiteFideId "45012458"]
[BlackFideId "137731"]
[EventDate "2025.05.20"]

1. e4 e6 2. Nf3 d5 3. Nc3 Nf6 4. e5 Nfd7 5. d4 c5 6. dxc5 Bxc5 7. Bd3 Nc6 8. Bf4
a6 9. h4 b5 10. h5 h6 11. Rh3 Nb4 12. Rg3 Nxd3+ 13. Qxd3 Bf8 14. Rd1 Qa5 15. a3
b4 16. axb4 Qxb4 17. Bc1 a5 18. Qd4 Qb8 19. Kf1 Ba6+ 20. Kg1 Qb4 21. Qd2 Nc5 22.
Qe1 Rc8 23. Nd4 Qb7 24. Qe3 a4 25. Qf4 Be7 26. Qg4 Bg5 27. f4 Be7 28. f5 Bg5 29.
Bxg5 hxg5 30. fxe6 f6 31. Nf5 1-0

[Event "Titled Tue 20th May Late"]
[Site "chess.com INT"]
[Date "2025.05.20"]
[Round "3"]
[White "Andrade, Ivan"]
[Black "Yin, Evan"]
[Result "0-1"]
[WhiteTitle "FM"]
[WhiteElo "2161"]
[BlackElo "2119"]
[WhiteFideId "14800039"]
[BlackFideId "30953111"]
[EventDate "2025.05.20"]

1. e4 c5 2. Nf3 Nc6 3. Bb5 g6 4. O-O Bg7 5. Re1 Nd4 6. Nxd4 cxd4 7. c3 a6 8. Bc4
Qc7 9. Qb3 e6 10. a4 Ne7 11. d3 O-O 12. Qa3 Nc6 13. Bg5 Ne5 14. Nd2 Nxc4 15.
Nxc4 d5 16. exd5 exd5 17. Be7 Be6 18. Bd6 Qc8 19. Nb6 Qc6 20. Nxa8 Rxa8 21. cxd4
Bxd4 22. Be5 Bc5 23. Qc3 Qb6 24. d4 Bb4 25. Qe3 Bxe1 26. Qh6 Bxf2+ 27. Kf1 f6
28. Bxf6 Qc7 29. Kxf2 Qf7 0-1

[Event "Titled Tue 20th May Late"]
[Site "chess.com INT"]
[Date "2025.05.20"]
[Round "3"]
[White "Pereyra, Horacio"]
[Black "Akkara, Omer"]
[Result "0-1"]
[BlackTitle "CM"]
[WhiteElo "2133"]
[BlackElo "2036"]
[WhiteFideId "113700"]
[BlackFideId "26319802"]
[EventDate "2025.05.20"]

1. d4 Nf6 2. Nc3 d5 3. Bg5 e6 4. e4 dxe4 5. Nxe4 Be7 6. Bxf6 Bxf6 7. Nf3 b6 8.
c3 Bb7 9. Bd3 h6 10. Qe2 Nd7 11. O-O-O Qe7 12. h4 O-O-O 13. Ba6 Kb8 14. Bxb7
Kxb7 15. h5 Nb8 16. Kb1 Rd5 17. Rhe1 Rhd8 18. Ned2 c6 19. Nb3 Rxh5 20. Qe4 Rhd5
21. c4 R5d7 22. a3 Qd6 23. Rd3 Qc7 24. Red1 Kc8 25. g4 Qb7 26. Ka2 c5 27. d5
exd5 28. cxd5 Re7 29. Qc4 Qa6 30. Qf4 c4 31. Rc1 Rc7 32. Kb1 Rdd7 33. d6 Rc6 34.
Nbd4 Rcxd6 35. Rdc3 Bxd4 36. Rxc4+ Bc5 37. Ne5 Re7 38. Nxf7 Rf6 39. Rxc5+ bxc5
40. Rxc5+ Rc6 41. Nd6+ Kd7 42. Qf5+ Kxd6 43. Rd5+ Kc7 44. Rd8 Kxd8 0-1

[Event "Titled Tue 20th May Late"]
[Site "chess.com INT"]
[Date "2025.05.20"]
[Round "3"]
[White "Petre, Nad-Titus"]
[Black "Garcia Correa, Jose Ricardo"]
[Result "1-0"]
[WhiteTitle "IM"]
[BlackTitle "FM"]
[WhiteElo "2299"]
[BlackElo "2103"]
[WhiteFideId "1204165"]
[BlackFideId "5101832"]
[EventDate "2025.05.20"]

1. c4 Nf6 2. g3 e5 3. Bg2 Bc5 4. Nc3 d6 5. e3 Bb6 6. Nge2 O-O 7. O-O a6 8. d4
exd4 9. exd4 Nc6 10. h3 Bf5 11. Be3 Qd7 12. Kh2 Rae8 13. a3 Ne4 14. Nd5 Ba7 15.
b4 Bg6 16. Nef4 Nf6 17. Nxf6+ gxf6 18. Nd5 Kg7 19. Qd2 Rxe3 20. fxe3 f5 21. Rf2
Re8 22. c5 dxc5 23. dxc5 Ne5 24. Qd4 c6 25. Nf4 Qe7 26. Rd1 Bb8 27. Kg1 Kg8 28.
Rfd2 Qg5 29. Ne2 h5 30. h4 Qg4 31. Qxg4 fxg4 32. Rd8 Kf8 33. Rxe8+ Kxe8 34. Nf4
Ke7 35. Nxg6+ fxg6 36. Be4 Kf6 37. Rf1+ Kg7 38. Rd1 Kf6 39. Rd8 Bc7 40. Rf8+ 1-0

[Event "Titled Tue 20th May Late"]
[Site "chess.com INT"]
[Date "2025.05.20"]
[Round "3"]
[White "Mishra, Abhimanyu"]
[Black "Panarin, Mikhail"]
[Result "1-0"]
[WhiteTitle "GM"]
[BlackTitle "GM"]
[WhiteElo "2605"]
[BlackElo "2562"]
[WhiteFideId "30920019"]
[BlackFideId "4153251"]
[EventDate "2025.05.20"]

1. e4 c6 2. d4 d5 3. e5 c5 4. dxc5 e6 5. a3 Nc6 6. Nf3 Bxc5 7. b4 Bb6 8. Bb2 f6
9. Nbd2 fxe5 10. Nxe5 Nxe5 11. Bxe5 Nf6 12. Bd3 O-O 13. O-O a5 14. Qe2 axb4 15.
axb4 Rxa1 16. Bxa1 Qd6 17. b5 Bd7 18. Be5 Qb4 19. c3 Qh4 20. Nf3 Qh6 21. Nd4 Rc8
22. Re1 Ra8 23. h3 Kf7 24. c4 Re8 25. Nf3 Nh5 26. Bd6 Kg8 27. c5 Bd8 28. Ne5 Nf4
29. Qf3 Bc8 30. Ng4 1-0

[Event "Titled Tue 20th May Late"]
[Site "chess.com INT"]
[Date "2025.05.20"]
[Round "3"]
[White "Horak, Martin"]
[Black "Aung Thant Zin"]
[Result "1-0"]
[WhiteTitle "FM"]
[BlackTitle "FM"]
[WhiteElo "2324"]
[BlackElo "2268"]
[WhiteFideId "367095"]
[BlackFideId "13000063"]
[EventDate "2025.05.20"]

1. e4 c5 2. Nc3 Nc6 3. Bb5 e6 4. Bxc6 dxc6 5. f4 Ne7 6. Nf3 Ng6 7. d3 Be7 8. O-O
O-O 9. Be3 f5 10. a4 b6 11. g3 Bb7 12. a5 Ba6 13. b3 Qd7 14. Qe2 b5 15. Qf2 c4
16. dxc4 bxc4 17. Rfd1 Qb7 18. bxc4 Bxc4 19. Bc5 Rfd8 20. Bxe7 Qxe7 21. Rd4 Ba6
22. Rad1 Rxd4 23. Qxd4 h6 24. Qd6 Re8 25. e5 Nf8 26. Na4 Qb7 27. Nc5 Qb5 28. Nd4
Qc4 29. Nxa6 Qxa6 30. Qxc6 Qxa5 31. Qxe8 1-0

[Event "Titled Tue 20th May Late"]
[Site "chess.com INT"]
[Date "2025.05.20"]
[Round "3"]
[White "Behzad Nazif, Parva"]
[Black "Winkels, Marcel"]
[Result "1-0"]
[WhiteTitle "WIM"]
[BlackTitle "CM"]
[WhiteElo "2090"]
[BlackElo "1918"]
[WhiteFideId "12563790"]
[BlackFideId "1003887"]
[EventDate "2025.05.20"]

1. e4 d6 2. d4 Nf6 3. Bd3 e5 4. Nf3 Be7 5. O-O Nbd7 6. c3 O-O 7. Re1 c6 8. Nbd2
Re8 9. Nf1 Qc7 10. Ng3 Nf8 11. Nf5 Bxf5 12. exf5 Bd8 13. dxe5 dxe5 14. Bc4 Qd7
15. Qb3 b5 16. Bf1 Qd5 17. Qc2 e4 18. Nd4 Bc7 19. Be3 Qe5 20. g3 Nd5 21. Bg2
Nxe3 22. Rxe3 Bb6 23. Rxe4 Qd6 24. Rxe8 Rxe8 25. Nxc6 Rc8 26. Rd1 Qc5 27. Nd4
Rd8 28. Qb3 a6 29. Re1 Qd6 30. Be4 Bxd4 31. cxd4 Qxd4 32. Bg2 Rc8 33. h4 Nd7 34.
Re7 Ne5 35. Bd5 Rc1+ 36. Kg2 Kf8 37. Rb7 Nc4 38. Bxc4 bxc4 39. Qb4+ Ke8 40. Qe7# 1-0

[Event "Titled Tue 20th May Late"]
[Site "chess.com INT"]
[Date "2025.05.20"]
[Round "3"]
[White "Holinka, Henning"]
[Black "Harriott, Tyrell"]
[Result "1-0"]
[WhiteTitle "FM"]
[WhiteElo "2303"]
[BlackElo "1924"]
[WhiteFideId "12967084"]
[BlackFideId "2086484"]
[EventDate "2025.05.20"]

1. Nf3 e6 2. g3 d5 3. Bg2 c6 4. O-O Bd6 5. d4 f5 6. b3 Nf6 7. Ba3 f4 8. c4 fxg3
9. hxg3 O-O 10. Bxd6 Qxd6 11. Nc3 Ng4 12. e4 dxc4 13. bxc4 e5 14. d5 Qh6 15. Qd2
Qh5 16. Qg5 Qe8 17. Rad1 h6 18. Qh4 g5 19. Qh1 Na6 20. dxc6 bxc6 21. Rd6 Kg7 22.
Rfd1 Nc5 23. R1d2 Be6 24. Nh2 Nf6 25. Nf1 Qe7 26. Ne3 Rab8 27. Rxe6 Qxe6 28.
Nf5+ Kg8 29. Qxh6 Rf7 30. Rd6 Qe8 31. Rxf6 Rxf6 32. Qg7# 1-0

[Event "Titled Tue 20th May Late"]
[Site "chess.com INT"]
[Date "2025.05.20"]
[Round "3"]
[White "Bernadskiy, Vitaliy"]
[Black "Goryachkina, Aleksandra"]
[Result "1-0"]
[WhiteTitle "GM"]
[BlackTitle "GM"]
[WhiteElo "2523"]
[BlackElo "2544"]
[WhiteFideId "14100371"]
[BlackFideId "4147103"]
[EventDate "2025.05.20"]

1. e4 c6 2. d4 d5 3. exd5 cxd5 4. Bd3 Nc6 5. c3 Nf6 6. h3 e5 7. dxe5 Nxe5 8. Nf3
Nxd3+ 9. Qxd3 Bd6 10. O-O O-O 11. Bg5 Be6 12. Nbd2 h6 13. Bh4 Re8 14. Rfe1 g5
15. Bg3 Bxg3 16. fxg3 Nh5 17. Nd4 Qd6 18. Nf1 Bd7 19. Qf3 Ng7 20. Ne3 Re5 21.
Rf1 f5 22. Rad1 Rae8 23. Ndc2 Qb6 24. Rd4 Qxb2 25. Rb4 Qxc3 26. Rxb7 Rxe3 27.
Nxe3 Rxe3 28. Qxd5+ Be6 29. Qd6 Re2 30. Kh1 Qc2 31. Qd8+ Kh7 32. Qf6 1-0

[Event "Titled Tue 20th May Late"]
[Site "chess.com INT"]
[Date "2025.05.20"]
[Round "3"]
[White "Bian, Alex"]
[Black "Gonzalez Vega, Alejandro"]
[Result "1-0"]
[WhiteTitle "FM"]
[BlackTitle "FM"]
[WhiteElo "2342"]
[BlackElo "2092"]
[WhiteFideId "2056372"]
[BlackFideId "3510042"]
[EventDate "2025.05.20"]

1. b3 d6 2. Bb2 Nf6 3. e3 g6 4. Nf3 Bg7 5. d4 O-O 6. Nbd2 Nbd7 7. Bd3 c6 8. c4
Qc7 9. e4 e5 10. O-O a5 11. a3 Re8 12. Qc2 h6 13. Rfe1 b6 14. b4 a4 15. Rac1 Nh5
16. g3 Nf8 17. Bf1 Qe7 18. c5 bxc5 19. dxc5 Bg4 20. cxd6 Qxd6 21. Qxc6 Qxc6 22.
Rxc6 Rad8 23. Kg2 Bd7 24. Rc2 f5 25. Bc4+ Kh7 26. Nh4 f4 27. Ndf3 g5 28. Nf5
Bxf5 29. exf5 e4 30. Ng1 f3+ 31. Kf1 Bxb2 32. Rxb2 Nf6 33. Bb5 Re7 34. Nxf3 Rb7
35. Bc6 Re7 36. Nd2 1-0

[Event "Titled Tue 20th May Late"]
[Site "chess.com INT"]
[Date "2025.05.20"]
[Round "3"]
[White "Liu, Casper"]
[Black "Rustemov, Alexander"]
[Result "0-1"]
[WhiteTitle "FM"]
[BlackTitle "GM"]
[WhiteElo "2325"]
[BlackElo "2525"]
[WhiteFideId "1454153"]
[BlackFideId "4119002"]
[EventDate "2025.05.20"]

1. d4 g6 2. e4 Bg7 3. Nc3 d6 4. Be3 a6 5. h4 h5 6. a4 Nf6 7. f3 Nc6 8. Bc4 e5 9.
Nge2 O-O 10. Qd2 Kh7 11. O-O-O b5 12. Bb3 Rb8 13. g4 Bd7 14. Bg5 exd4 15. Nxd4
Nxd4 16. Qxd4 bxa4 17. Bxa4 Bxa4 18. Qxa4 hxg4 19. h5 Qd7 20. Qa5 Nxh5 21. Bd2
c5 22. Qa2 gxf3 23. Qd5 f5 24. e5 Bxe5 25. Qxf3 Qf7 26. Rdg1 Rb4 27. b3 Rg4 28.
Rxg4 fxg4 29. Qxg4 Qf5 30. Qe2 Kg7 31. Nd5 Ng3 0-1

[Event "Titled Tue 20th May Late"]
[Site "chess.com INT"]
[Date "2025.05.20"]
[Round "3"]
[White "Vykouk, Jan"]
[Black "Drozdowski, Kacper"]
[Result "0-1"]
[WhiteTitle "IM"]
[BlackTitle "IM"]
[WhiteElo "2496"]
[BlackElo "2450"]
[WhiteFideId "349658"]
[BlackFideId "1136720"]
[EventDate "2025.05.20"]

1. e4 c5 2. Nf3 e6 3. d4 cxd4 4. Nxd4 Nc6 5. Nc3 Qc7 6. Be3 a6 7. Qf3 Nf6 8.
O-O-O Be7 9. Be2 h5 10. Qg3 Qxg3 11. hxg3 Ne5 12. f3 d6 13. g4 h4 14. g5 Nfd7
15. f4 Nc6 16. g3 h3 17. Nb3 f6 18. gxf6 Nxf6 19. g4 Nd7 20. g5 Nc5 21. Bg4 h2
22. Rd2 Rh4 23. Rg2 b5 24. Rhxh2 Rxh2 25. Rxh2 Bb7 26. Rh8+ Kd7 27. Rxa8 Bxa8
28. Nxc5+ dxc5 29. a3 Nd4 30. Kd2 Bb7 31. Kd3 Nc6 32. Bh3 Na5 33. Bc1 c4+ 34.
Ke2 Nc6 35. Be3 Bc8 36. f5 Kd6 37. Bf4+ e5 38. Be3 Nd4+ 39. Kf2 g6 40. f6 Bxh3
41. fxe7 Kxe7 42. Nd5+ Kd6 0-1

[Event "Titled Tue 20th May Late"]
[Site "chess.com INT"]
[Date "2025.05.20"]
[Round "3"]
[White "Pavlidou, Ekaterini"]
[Black "Gunduz, Umut Erdem"]
[Result "0-1"]
[WhiteTitle "WIM"]
[BlackTitle "IM"]
[WhiteElo "2198"]
[BlackElo "2268"]
[WhiteFideId "4213262"]
[BlackFideId "6381383"]
[EventDate "2025.05.20"]

1. c4 e5 2. Nc3 Nc6 3. g3 f5 4. Bg2 Nf6 5. d3 Bc5 6. Nf3 d6 7. O-O a6 8. e3 O-O
9. d4 Ba7 10. dxe5 dxe5 11. Qxd8 Rxd8 12. b3 e4 13. Ne1 Be6 14. Nc2 g5 15. Ba3
Kf7 16. Rad1 Ne5 17. h3 h5 18. Ne2 Nd3 19. Ncd4 Bd7 20. Nc1 Ne5 21. Bb2 Re8 22.
Rd2 b5 23. cxb5 axb5 24. Rfd1 c5 25. Nde2 Bc6 26. Rd6 Rac8 27. Nc3 Bb8 28. R6d2
h4 29. a4 hxg3 30. fxg3 b4 31. Nb5 Bxb5 32. axb5 Ke6 33. b6 c4 34. Bxe5 Bxe5 35.
bxc4 Rxc4 36. Bf1 Rc3 37. Na2 Rxe3 38. Bc4+ Ke7 39. Nxb4 Rxg3+ 40. Rg2 Rxg2+ 41.
Kxg2 Rc8 42. b7 Rxc4 43. Rb1 Nd7 44. Na6 Rc2+ 45. Kf1 Rh2 46. Rb5 Ke6 47. Nc5+
Nxc5 48. Rxc5 Rb2 0-1

[Event "Titled Tue 20th May Late"]
[Site "chess.com INT"]
[Date "2025.05.20"]
[Round "3"]
[White "Eljanov, Pavel"]
[Black "Mottola, Max"]
[Result "1-0"]
[WhiteTitle "GM"]
[WhiteElo "2668"]
[BlackElo "2128"]
[WhiteFideId "14102951"]
[BlackFideId "30985862"]
[EventDate "2025.05.20"]

1. d4 d5 2. Nf3 Nf6 3. Bf4 c5 4. e3 Nc6 5. Nbd2 Bg4 6. c3 e6 7. Qb3 Qc8 8. Nh4
Be7 9. h3 Bh5 10. g4 Bg6 11. Nxg6 hxg6 12. Be2 cxd4 13. exd4 Qd7 14. O-O-O Bd6
15. Be3 Na5 16. Qc2 b5 17. Kb1 Nc4 18. Nb3 a5 19. Bc1 a4 20. Nc5 Bxc5 21. dxc5
Ne4 22. Bf3 Nxc5 23. h4 Ne5 24. Be2 Qb7 25. h5 gxh5 26. gxh5 Kf8 27. Bf4 Nc4 28.
Bxc4 bxc4 29. Bd6+ Kg8 30. Bxc5 a3 31. Rdg1 axb2 32. Qxb2 Qc7 33. Bb4 Qf4 34.
Qe2 Qf5+ 35. Ka1 Rh6 36. Qg4 Qxg4 37. Rxg4 e5 38. Rhg1 g6 39. hxg6 Rxg6 40.
Rxg6+ fxg6 41. Rxg6+ Kf7 42. Rd6 1-0

[Event "Titled Tue 20th May Late"]
[Site "chess.com INT"]
[Date "2025.05.20"]
[Round "3"]
[White "Le, Quang Liem"]
[Black "Ahmad, Khagan"]
[Result "1-0"]
[WhiteTitle "GM"]
[BlackTitle "IM"]
[WhiteElo "2729"]
[BlackElo "2405"]
[WhiteFideId "12401137"]
[BlackFideId "13431552"]
[EventDate "2025.05.20"]

1. Nf3 d5 2. c4 e6 3. e3 Nf6 4. b3 c5 5. Bb2 Bd6 6. Nc3 O-O 7. g4 dxc4 8. g5 Nd5
9. bxc4 Nxc3 10. Bxc3 b6 11. h4 Bb7 12. Rh3 Nd7 13. Qc2 Bxf3 14. Rxf3 Be5 15.
Bd3 Bxc3 16. Qxc3 Qc7 17. Qc2 g6 18. Rh3 Rad8 19. f4 e5 20. f5 e4 21. Bxe4 Ne5
22. O-O-O b5 23. cxb5 c4 24. d4 Qa5 25. Kb1 Nd3 26. Bxd3 cxd3 27. Qxd3 Rb8 28.
Ka1 Rxb5 29. fxg6 hxg6 30. h5 Qb4 31. Rh2 Rfb8 32. hxg6 Kg7 33. gxf7 Rh8 34.
f8=Q+ Qxf8 35. Rxh8 Qb4 36. Qh7# 1-0